002940000a22001330004500060000800000082001600008100001500024245003500039250000600074260003900080260000900119300000800128650002400136 a100 a581.012 JEF aJeffrey, C aIntroduction to plant taxonomy a2 aLondon, Cambridge University Press c1982 a154 aPlants / taxonomy /